| 000 | 00989nam a2200229Ia 4500 | ||
|---|---|---|---|
| 005 | 20250108125043.0 | ||
| 008 | 008 250107s9999 xx 000 0 hin d | ||
| 020 | _a978--93-82915-53- | ||
| 037 | _aTB | ||
| 040 |
_aCRL _bhin _cCRL |
||
| 041 |
_ahin _2hin |
||
| 084 | _aO1593wN39 Q9 | ||
| 084 | _qCRL | ||
| 100 | _aमाहेश्वरी, अरूण, ले. | ||
| 245 | 0 |
_aअथातो चित्त जिज्ञासा: जॉक लकान और मनोविश्लेषण के सिद्धांतों पर केंद्रित एक विमर्श की प्रस्तावना _cमाहेश्वरी, अरूण, ले. |
|
| 260 |
_aबीकानेर, भारत _bसूर्य प्रकाशन मन्दिर _c3166 |
||
| 300 | _a503पृ0 | ||
| 365 |
_aINR _b550 |
||
| 650 | _aअर्थशास्त्र | ||
| 942 |
_cTB _hO1593wN39 Q9 |
||
| 999 |
_c1235554 _d1235554 |
||